000 00347nam a2200145Ia 4500
008 240624s9999 xx 000 0 und d
041 _aeng
082 _a658.241 BUR
100 _aBURNS PAUL
245 _aENTREPRENEURSHIP AND SMALL BUSINESS
250 _a(2nd ed.)
260 _c2006
_aMacmillan,2006
300 _a568 : p.
365 _cBPS
_b30
999 _c14737
_d14737